[Event "4NCL 3 North pool C"]
[Site "Wakefield, ENG"]
[Date "2016.03.20"]
[Round "8.55"]
[White "Watson, Phil R"]
[Black "Valantinas, Rokas"]
[Result "1-0"]
[WhiteElo "2187"]
[BlackElo "2170"]
[PlyCount "69"]
[EventDate "2016.03.20"]
[WhiteTeam "Bradford DCA Knights A"]
[BlackTeam "Spirit of Atticus B"]

1. d4 d5 2. c4 c6 3. cxd5 cxd5 4. Bf4 e6 5. e3 a6 6. Nc3 Nf6 7. Nf3 Nc6 8. Rc1
Be7 9. Bd3 O-O 10. O-O Bd7 11. e4 dxe4 12. Nxe4 Nb4 13. Bc7 Qe8 14. Bb1 Nxe4
15. Bxe4 Nxa2 16. Ra1 Nb4 17. Ne5 Nd5 18. Bxd5 exd5 19. Qb3 Bc6 20. Rfc1 f6 21.
Nxc6 bxc6 22. Qb6 Qd7 23. Rxc6 Rfc8 24. Rac1 Bf8 25. g3 Be7 26. Kg2 h5 27. h4
Qg4 28. Bf4 Kh7 29. Qb7 Re8 30. Re1 Bf8 31. Rxe8 Rxe8 32. Qf7 Re1 33. Rxf6 Kh8
34. Qxf8+ Kh7 35. Qf7 1-0

[Event "4NCL 3 North pool C"]
[Site "Wakefield, ENG"]
[Date "2016.03.20"]
[Round "8.56"]
[White "Robertson, David J"]
[Black "Allis, Richard"]
[Result "1-0"]
[WhiteElo "2102"]
[BlackElo "2092"]
[PlyCount "140"]
[EventDate "2016.03.20"]
[WhiteTeam "Spirit of Atticus B"]
[BlackTeam "Bradford DCA Knights A"]

1. e4 e5 2. Nf3 Nc6 3. Bc4 d6 4. c3 Be6 5. Bxe6 fxe6 6. Qb3 Qc8 7. O-O Be7 8.
d3 Nf6 9. Ng5 Nd8 10. Nd2 Nh5 11. Nc4 O-O 12. g3 Bxg5 13. Bxg5 Nf7 14. Bd2 d5
15. Na3 c6 16. Rad1 Qd7 17. Qc2 Qe7 18. Nb1 Ng5 19. Bxg5 Qxg5 20. Qd2 Qg4 21.
Rde1 Rf6 22. exd5 exd5 23. Rxe5 Nf4 24. f3 Qg6 25. d4 Raf8 26. Kh1 Qd3 27. Qe1
Ng6 28. Re3 Qa6 29. a3 R8f7 30. f4 Nf8 31. Qe2 Qxe2 32. Rxe2 g5 33. Ref2 gxf4
34. Nd2 Kg7 35. g4 h5 36. g5 Rf5 37. Nf3 Ng6 38. Re1 Re7 39. Rfe2 Rff7 40. Kg2
Rxe2+ 41. Rxe2 Ne7 42. Re6 Nf5 43. Ne5 Rf8 44. Kf3 Kh7 45. Rf6 Nh4+ 46. Kxf4
Rg8 47. Rh6+ Kg7 48. Rxh5 Rf8+ 49. Kg4 Ng2 50. g6 Ne3+ 51. Kh3 Rf6 52. Rh7+ Kg8
53. Rxb7 Rf2 54. Kg3 Rc2 55. h4 Nf5+ 56. Kg4 Rf2 57. Kg5 Ne3 58. Rf7 Rg2+ 59.
Kh6 Rxb2 60. Rg7+ Kf8 61. Nd7+ Ke8 62. Nf6+ Kd8 63. Rxa7 Rg2 64. g7 Nf5+ 65.
Kh7 Nxg7 66. Rxg7 Rf2 67. Rf7 Rf3 68. h5 Rxc3 69. h6 Rxa3 70. Kg8 Rg3+ 1-0

[Event "4NCL 3 North pool C"]
[Site "Wakefield, ENG"]
[Date "2016.03.20"]
[Round "8.57"]
[White "Drabble, Andrew"]
[Black "Hall, John"]
[Result "1/2-1/2"]
[WhiteElo "2058"]
[BlackElo "2058"]
[PlyCount "47"]
[EventDate "2016.03.20"]
[WhiteTeam "Bradford DCA Knights A"]
[BlackTeam "Spirit of Atticus B"]

1. d4 Nf6 2. Nf3 g6 3. Nbd2 Bg7 4. e4 d6 5. Bd3 O-O 6. O-O Nbd7 7. c3 e5 8. Re1
Qe7 9. Qc2 Nh5 10. Nc4 Nb6 11. Bg5 f6 12. Bd2 Bg4 13. Nxb6 axb6 14. Bc4+ Kh8
15. Be2 Rae8 16. h3 Bd7 17. Bd3 Qf7 18. g4 Nf4 19. Bxf4 exf4 20. Kg2 Qe7 21.
Qd2 Bh6 22. Qc2 Bg7 23. Qd2 Bh6 24. Qc2 1/2-1/2

[Event "4NCL 3 North pool C"]
[Site "Wakefield, ENG"]
[Date "2016.03.20"]
[Round "8.58"]
[White "Bimpson, Tom"]
[Black "Jennings, Roger W"]
[Result "1-0"]
[WhiteElo "2042"]
[BlackElo "2072"]
[PlyCount "69"]
[EventDate "2016.03.20"]
[WhiteTeam "Spirit of Atticus B"]
[BlackTeam "Bradford DCA Knights A"]

1. d4 g6 2. e3 Bg7 3. Bd3 Nf6 4. f4 c5 5. c3 cxd4 6. exd4 d6 7. Nf3 O-O 8. O-O
Nc6 9. Qc2 e5 10. fxe5 dxe5 11. Bg5 exd4 12. Nbd2 dxc3 13. bxc3 Qb6+ 14. Kh1
Nd5 15. Rab1 Qc7 16. Rb5 Be6 17. Ne4 f5 18. Nc5 Bf7 19. Rxb7 Qd6 20. Qf2 Nxc3
21. Rd7 Qb8 22. Qh4 Qb4 23. Qf2 Ne4 24. Bxe4 fxe4 25. Rb7 Qa3 26. Nxe4 Bd5 27.
Qh4 Ne5 28. Nf6+ Rxf6 29. Rxg7+ Kxg7 30. Bxf6+ Kg8 31. Bxe5 Rf8 32. Qd4 Qxa2
33. Qf2 Qa5 34. Bb2 Bc4 35. Qd4 1-0

[Event "4NCL 3 North pool C"]
[Site "Wakefield, ENG"]
[Date "2016.03.20"]
[Round "8.59"]
[White "Eagleton, Greg T"]
[Black "Phillips, David A"]
[Result "1-0"]
[WhiteElo "2050"]
[BlackElo "2005"]
[PlyCount "165"]
[EventDate "2016.03.20"]
[WhiteTeam "Bradford DCA Knights A"]
[BlackTeam "Spirit of Atticus B"]

1. d4 Nf6 2. Nf3 b5 3. Bg5 Ne4 4. Bf4 Bb7 5. Nbd2 Nf6 6. e3 a6 7. c3 g6 8. Bd3
Bg7 9. O-O O-O 10. a4 c6 11. e4 d6 12. Qe2 Nbd7 13. h3 Nh5 14. Bg5 h6 15. Be3
e5 16. dxe5 dxe5 17. Rfd1 Nf4 18. Qf1 Qe7 19. Nb3 Rfd8 20. Na5 Nf8 21. Bc2 N4e6
22. Bb3 Qc7 23. Nxb7 Qxb7 24. axb5 axb5 25. Rxd8 Rxd8 26. Ra7 Qb8 27. Qa1 b4
28. Qa2 bxc3 29. bxc3 Rd3 30. Bxe6 fxe6 31. Qa3 Qd6 32. Bc5 Qd8 33. Be7 Qe8 34.
Qa1 Rd7 35. Bxf8 Rxa7 36. Qxa7 Qxf8 37. Qd7 Qf4 38. Qxe6+ Kh7 39. Qxc6 Qc1+ 40.
Kh2 Qf4+ 41. Kh1 Qc1+ 42. Ng1 Qe1 43. Qc5 Qxe4 44. c4 Qe1 45. Qe3 Qb4 46. Qe4
Qc5 47. Qe2 e4 48. g3 Bd4 49. Kg2 Qc6 50. Kf1 Qf6 51. h4 Qf5 52. Kg2 Bc5 53.
Nh3 Kg8 54. Nf4 g5 55. hxg5 hxg5 56. Nd5 g4 57. Qxg4+ Qxg4 58. Nf6+ Kf7 59.
Nxg4 Ke6 60. Kf1 Bd4 61. Ke2 Kd6 62. Ne3 Ke5 63. Kf1 Kf6 64. Kg2 Kg6 65. Nf1
Kf5 66. Ne3+ Kg6 67. Kf1 Kf6 68. Ke2 Ke6 69. Nf1 Ke5 70. Nd2 Bc5 71. f3 exf3+
72. Kxf3 Be7 73. Ke3 Bc5+ 74. Kd3 Be7 75. Ne4 Bd8 76. Nc5 Be7 77. Nb3 Kf5 78.
Nd4+ Kg4 79. Ke4 Bc5 80. Kd5 Ba7 81. c5 Kxg3 82. c6 Bb8 83. Ke6 1-0

[Event "4NCL 3 North pool C"]
[Site "Wakefield, ENG"]
[Date "2016.03.20"]
[Round "8.60"]
[White "Connor, Stephen J"]
[Black "Nicholson, Jim W R"]
[Result "1/2-1/2"]
[WhiteElo "2011"]
[BlackElo "2014"]
[PlyCount "39"]
[EventDate "2016.03.20"]
[WhiteTeam "Spirit of Atticus B"]
[BlackTeam "Bradford DCA Knights A"]

1. e4 c6 2. d4 d5 3. Nc3 dxe4 4. Nxe4 Bf5 5. Ng3 Bg6 6. h4 h6 7. Bd3 Bxd3 8.
Qxd3 e6 9. Bf4 Qa5+ 10. Bd2 Bb4 11. Nf3 Nd7 12. Ne4 Bxd2+ 13. Nfxd2 Ngf6 14.
Nd6+ Ke7 15. Nxb7 Qb4 16. Qa3 Qxa3 17. bxa3 Rab8 18. Na5 Rhc8 19. Ndc4 c5 20.
Ne5 1/2-1/2

[Event "4NCL 3 North pool C"]
[Site "Wakefield, ENG"]
[Date "2016.03.20"]
[Round "8.65"]
[White "Polaczek, Richard"]
[Black "Jayawarna, Nugith"]
[Result "1-0"]
[WhiteElo "2409"]
[BlackElo "2050"]
[PlyCount "79"]
[EventDate "2016.03.20"]
[WhiteTeam "Broadland Bitterns"]
[BlackTeam "Manchester Manticores 2"]

1. d4 Nf6 2. Nf3 e6 3. c4 b6 4. g3 Ba6 5. b3 b5 6. c5 Bb7 7. Bg2 d6 8. cxd6
Bxd6 9. O-O Nbd7 10. Qd3 a6 11. Nbd2 O-O 12. e4 Be7 13. Re1 c5 14. Bb2 cxd4 15.
Nxd4 Ne5 16. Qe2 Bc5 17. Nxe6 fxe6 18. Bxe5 Qb6 19. Rf1 h5 20. h3 Rf7 21. a3
Nd7 22. Bc3 Raf8 23. Nf3 g5 24. Qd2 Qd8 25. b4 Bb6 26. Bd4 Bxe4 27. Bxb6 Nxb6
28. Qxd8 Rxd8 29. Nxg5 Bxg2 30. Nxf7 Bxf1 31. Nxd8 Bxh3 32. Re1 Nc4 33. Nxe6
Bxe6 34. Rxe6 Nxa3 35. Rxa6 Nc2 36. Rh6 Nxb4 37. Rxh5 Nc6 38. Rxb5 Nd4 39. Rb7
Kf8 40. Kg2 1-0

[Event "4NCL 3 North pool C"]
[Site "Wakefield, ENG"]
[Date "2016.03.20"]
[Round "8.66"]
[White "Newton, Robert A"]
[Black "Hughes, Roy"]
[Result "1/2-1/2"]
[WhiteElo "2035"]
[BlackElo "2117"]
[PlyCount "52"]
[EventDate "2016.03.20"]
[WhiteTeam "Manchester Manticores 2"]
[BlackTeam "Broadland Bitterns"]

1. d4 d5 2. c4 c6 3. Nc3 Nf6 4. Nf3 dxc4 5. a4 Bf5 6. e3 Nbd7 7. a5 e6 8. Bxc4
Bb4 9. Qb3 Qe7 10. O-O Rb8 11. Bd2 O-O 12. Rfe1 c5 13. h3 h6 14. Nb1 Bxd2 15.
Nbxd2 Ne4 16. Nxe4 Bxe4 17. Nd2 Bc6 18. f4 cxd4 19. exd4 Qd6 20. Qe3 Nf6 21.
Rad1 Rfd8 22. Nf3 Bd5 23. Ne5 Rbc8 24. b3 Qb4 25. Ra1 Qd6 26. Rad1 Qb4 1/2-1/2

[Event "4NCL 3 North pool C"]
[Site "Wakefield, ENG"]
[Date "2016.03.20"]
[Round "8.67"]
[White "Moore, Gerald"]
[Black "Trueman, Glenn"]
[Result "1/2-1/2"]
[WhiteElo "2094"]
[BlackElo "2025"]
[PlyCount "26"]
[EventDate "2016.03.20"]
[WhiteTeam "Broadland Bitterns"]
[BlackTeam "Manchester Manticores 2"]

1. Nf3 d5 2. c4 e6 3. g3 Nf6 4. Bg2 Be7 5. O-O O-O 6. d4 dxc4 7. Qc2 a6 8. Qxc4
b5 9. Qc2 Bb7 10. Bd2 h6 11. Nc3 Nbd7 12. Rad1 Qc8 13. Rc1 c5 1/2-1/2

[Event "4NCL 3 North pool C"]
[Site "Wakefield, ENG"]
[Date "2016.03.20"]
[Round "8.68"]
[White "Mulleady, Peter J"]
[Black "Bin-Suhayl, Ieysaa"]
[Result "1-0"]
[WhiteElo "2042"]
[BlackElo "1975"]
[PlyCount "55"]
[EventDate "2016.03.20"]
[WhiteTeam "Manchester Manticores 2"]
[BlackTeam "Broadland Bitterns"]

1. d4 d5 2. Bf4 e6 3. Nf3 Bd6 4. e3 Nf6 5. Bd3 c5 6. c3 cxd4 7. Bxd6 Qxd6 8.
exd4 Nc6 9. O-O Bd7 10. Re1 h6 11. Nbd2 g5 12. Ne5 Ke7 13. Nf1 h5 14. Ng3 Qc7
15. Qd2 Rag8 16. f4 g4 17. f5 h4 18. Nf1 Ne4 19. Qf4 Nxe5 20. dxe5 exf5 21. Ne3
Qb6 22. Kh1 Qe6 23. c4 Bc6 24. Nxf5+ Kf8 25. cxd5 Ng3+ 26. hxg3 hxg3+ 27. Kg1
Qxd5 28. Qb4+ 1-0

[Event "4NCL 3 North pool C"]
[Site "Wakefield, ENG"]
[Date "2016.03.20"]
[Round "8.69"]
[White "Saravanan, Karthik"]
[Black "Reed, John"]
[Result "1/2-1/2"]
[WhiteElo "1982"]
[BlackElo "2035"]
[PlyCount "115"]
[EventDate "2016.03.20"]
[WhiteTeam "Broadland Bitterns"]
[BlackTeam "Manchester Manticores 2"]

1. e4 e5 2. Nf3 Nc6 3. d4 exd4 4. Nxd4 Nf6 5. Nxc6 bxc6 6. e5 Qe7 7. Qe2 Nd5 8.
c4 Ba6 9. Nd2 g6 10. Nf3 Qb4+ 11. Kd1 Rb8 12. Qc2 Ne7 13. Qb3 c5 14. Bd2 Qb6
15. Bd3 Bg7 16. Ba5 Qb7 17. Bc3 O-O 18. Qxb7 Bxb7 19. Kc2 Bxf3 20. gxf3 Nc6 21.
Rae1 Rfe8 22. f4 Nb4+ 23. Bxb4 cxb4 24. Rhg1 Kf8 25. b3 Rb6 26. h4 d6 27. exd6
Rxd6 28. Rxe8+ Kxe8 29. f5 Bd4 30. fxg6 hxg6 31. Re1+ Kf8 32. f3 Ra6 33. Kb1
Rf6 34. Be4 Kg7 35. Rd1 c5 36. Rd2 Rf4 37. Rh2 Kh6 38. Kc1 f5 39. Bd5 Bf6 40.
Kd2 Rd4+ 41. Ke3 Bxh4 42. f4 g5 43. fxg5+ Kxg5 44. Rg2+ Kf6 45. Re2 Rd1 46. Kf3
Rf1+ 47. Kg2 Rd1 48. Re6+ Kg5 49. Re2 Be1 50. Bc6 Bc3 51. Bd5 Bd4 52. Kf3 Rf1+
53. Kg2 Rg1+ 54. Kf3 Rf1+ 55. Kg2 Rd1 56. Kf3 Bc3 57. Rg2+ Kf6 58. Re2 1/2-1/2

[Event "4NCL 3 North pool C"]
[Site "Wakefield, ENG"]
[Date "2016.03.20"]
[Round "8.70"]
[White "Jaques, Andrew"]
[Black "Rahman, Yousuf"]
[Result "0-1"]
[WhiteElo "1975"]
[BlackElo "1816"]
[PlyCount "56"]
[EventDate "2016.03.20"]
[WhiteTeam "Manchester Manticores 2"]
[BlackTeam "Broadland Bitterns"]

1. e4 e6 2. d4 d5 3. Nd2 Nf6 4. e5 Nfd7 5. c3 c5 6. Bd3 Nc6 7. Ne2 Be7 8. O-O
O-O 9. Nf3 f5 10. Nf4 Nb6 11. a4 cxd4 12. cxd4 g5 13. Ne2 Nb4 14. Bb1 Bd7 15.
Nc3 h6 16. Ne1 Rc8 17. Nc2 Qe8 18. a5 Nc4 19. Ne3 Bd8 20. Nxc4 Rxc4 21. f4 g4
22. Be3 Be7 23. h3 h5 24. hxg4 hxg4 25. g3 Kg7 26. Kg2 Rh8 27. Bd3 Qh5 28. Rg1
Qh2+ 0-1

[Event "4NCL 3 North pool C"]
[Site "Wakefield, ENG"]
[Date "2016.03.20"]
[Round "8.75"]
[White "Bentley, John L"]
[Black "Thestrup, Sixten"]
[Result "1/2-1/2"]
[WhiteElo "2137"]
[BlackElo "2237"]
[PlyCount "41"]
[EventDate "2016.03.20"]
[WhiteTeam "3Cs 2"]
[BlackTeam "Manchester Manticores 1"]

1. d4 d6 2. c4 e5 3. d5 f5 4. e4 fxe4 5. Nc3 Nf6 6. Nge2 Bf5 7. Ng3 Bg6 8. h4
h6 9. h5 Bh7 10. Be3 Nbd7 11. Be2 Be7 12. Qd2 c6 13. Bd1 Nb6 14. b3 Rc8 15. Be2
O-O 16. a4 cxd5 17. Nxd5 Nfxd5 18. cxd5 Bg5 19. Bxg5 Qxg5 20. Qxg5 hxg5 21. a5
1/2-1/2

[Event "4NCL 3 North pool C"]
[Site "Wakefield, ENG"]
[Date "2016.03.20"]
[Round "8.76"]
[White "Jaunooby, Ali R"]
[Black "Rita, Joao"]
[Result "1-0"]
[WhiteElo "2170"]
[BlackElo "2011"]
[PlyCount "77"]
[EventDate "2016.03.20"]
[WhiteTeam "Manchester Manticores 1"]
[BlackTeam "3Cs 2"]

1. d4 Nf6 2. Bf4 c5 3. e3 cxd4 4. exd4 d5 5. Bd3 Nc6 6. c3 g6 7. h3 Bf5 8. Be2
a6 9. g4 Be4 10. f3 Bxb1 11. Rxb1 e6 12. Bh2 Bd6 13. f4 Qc7 14. Qc1 Ne4 15. Nf3
h5 16. g5 O-O-O 17. Ne5 Rdg8 18. Rg1 Rh7 19. Bd3 Ne7 20. Qc2 Bxe5 21. fxe5 Qc6
22. Bf4 Nf5 23. Rg2 Nh4 24. Bxe4 dxe4 25. Re2 e3 26. Bxe3 Qh1+ 27. Kd2 Nf3+ 28.
Kd3 Qxh3 29. Kc4 Qf5 30. Kb3 Qxc2+ 31. Kxc2 Nh4 32. d5 exd5 33. Rd1 Rd8 34. Bb6
Rd7 35. e6 fxe6 36. Rxe6 Rhe7 37. Rf6 Rf7 38. Re1 Rde7 39. Rd6 1-0

[Event "4NCL 3 North pool C"]
[Site "Wakefield, ENG"]
[Date "2016.03.20"]
[Round "8.77"]
[White "Adams, Philip"]
[Black "Mazek, Marek"]
[Result "1/2-1/2"]
[WhiteElo "2050"]
[BlackElo "2147"]
[PlyCount "63"]
[EventDate "2016.03.20"]
[WhiteTeam "3Cs 2"]
[BlackTeam "Manchester Manticores 1"]

1. e4 c5 2. Nf3 e6 3. c3 Nf6 4. e5 Nd5 5. d4 cxd4 6. cxd4 d6 7. Bc4 Nb6 8. Bb3
dxe5 9. Nxe5 Bb4+ 10. Nc3 O-O 11. O-O N8d7 12. Nf3 Nf6 13. Bg5 h6 14. Bh4 Be7
15. Re1 Bd7 16. Qd3 Be8 17. Rad1 a6 18. Bc2 g6 19. Bb3 Kg7 20. Ne5 g5 21. Bg3
Nfd5 22. Qd2 f5 23. f3 Rc8 24. Kh1 Bf6 25. Bf2 Qd6 26. Nxd5 Nxd5 27. Nc4 Qd7
28. Rc1 Bf7 29. Ne5 Qd6 30. Nxf7 Kxf7 31. g3 b5 32. Rc5 1/2-1/2

[Event "4NCL 3 North pool C"]
[Site "Wakefield, ENG"]
[Date "2016.03.20"]
[Round "8.78"]
[White "Lentzos, Ioanis"]
[Black "Burke, Mitchell R"]
[Result "1/2-1/2"]
[WhiteElo "2065"]
[BlackElo "2050"]
[PlyCount "63"]
[EventDate "2016.03.20"]
[WhiteTeam "Manchester Manticores 1"]
[BlackTeam "3Cs 2"]

1. c4 e5 2. Nc3 Nc6 3. Nf3 g6 4. d4 Bg7 5. d5 Nce7 6. d6 cxd6 7. Nb5 d5 8. Nd6+
Kf8 9. cxd5 Qa5+ 10. Bd2 Qxd5 11. Bb4 Qxd1+ 12. Rxd1 Nc6 13. Ba3 Nge7 14. e4
Bf6 15. Bc4 Kg7 16. Nxf7 Rf8 17. Nd6 Rd8 18. g4 Nd4 19. Nxd4 exd4 20. Nf7 d5
21. e5 Kxf7 22. exf6 Kxf6 23. Rxd4 Nc6 24. Rxd5 Rxd5 25. Bxd5 Bxg4 26. f3 Re8+
27. Kf2 Be6 28. Re1 Ne5 29. Be4 Bf5 30. Bxf5 Kxf5 31. Kg3 Rd8 32. Bc5 1/2-1/2

[Event "4NCL 3 North pool C"]
[Site "Wakefield, ENG"]
[Date "2016.03.20"]
[Round "8.79"]
[White "Burton, Graham P"]
[Black "Duke, Michael"]
[Result "0-1"]
[WhiteElo "2011"]
[BlackElo "2140"]
[PlyCount "62"]
[EventDate "2016.03.20"]
[WhiteTeam "3Cs 2"]
[BlackTeam "Manchester Manticores 1"]

1. e4 e5 2. Nf3 Nc6 3. c3 d5 4. Qa4 f6 5. Bb5 Nge7 6. exd5 Qxd5 7. d4 a6 8. c4
Qe4+ 9. Be3 exd4 10. Nbd2 axb5 11. Qxa8 Qe6 12. Nxd4 Nxd4 13. O-O-O Ne2+ 14.
Kb1 bxc4 15. Rhe1 c3 16. Rxe2 Qf5+ 17. Ne4 Qxe4+ 18. Kc1 Kf7 19. Qa5 Bf5 20.
Qxc3 Nd5 21. Rxd5 Qxd5 22. Qxc7+ Qd7 23. Qc4+ Be6 24. Qh4 Be7 25. Rd2 Qc6+ 26.
Rc2 Qxg2 27. Rc7 Qg1+ 28. Kc2 Bf5+ 29. Kc3 Qe1+ 30. Kb3 Qd1+ 31. Kc3 Qd3# 0-1

[Event "4NCL 3 North pool C"]
[Site "Wakefield, ENG"]
[Date "2016.03.20"]
[Round "8.80"]
[White "Lopez Gomez, Jose Pablo"]
[Black "McLean, Robert"]
[Result "1/2-1/2"]
[WhiteElo "2072"]
[BlackElo "1820"]
[PlyCount "109"]
[EventDate "2016.03.20"]
[WhiteTeam "Manchester Manticores 1"]
[BlackTeam "3Cs 2"]

1. e4 e6 2. d4 d5 3. Nd2 Nf6 4. e5 Nfd7 5. Bd3 c5 6. c3 Nc6 7. Ne2 cxd4 8. cxd4
f6 9. exf6 Nxf6 10. Nf3 Bd6 11. O-O O-O 12. Bf4 Qc7 13. Bxd6 Qxd6 14. Bb5 Bd7
15. Bxc6 Bxc6 16. Re1 Rac8 17. Rc1 Bd7 18. Ne5 Rxc1 19. Nxc1 Bb5 20. Qb3 Qa6
21. Qb4 Re8 22. b3 Qb6 23. Qc3 Ne4 24. Qb2 Qa5 25. b4 Qa6 26. Nb3 b6 27. Nd2
Nd6 28. Ndf3 Ne4 29. Rc1 Rc8 30. h3 Qb7 31. Rc2 Nd6 32. Qc1 Nc4 33. Qf4 Qe7 34.
Qg4 Rd8 35. Nxc4 Bxc4 36. a3 Qf6 37. Ne5 Rc8 38. a4 Qf5 39. Qxf5 exf5 40. f4
Kf8 41. b5 Ke8 42. Kf2 Rc7 43. Ke3 Kd8 44. Rb2 Ke7 45. g3 Ke6 46. Rc2 Kd6 47.
Rc3 Re7 48. Kd2 Rc7 49. h4 Ke6 50. Kc2 Kd6 51. Kb2 Re7 52. Ka3 Rc7 53. Kb4 a6
54. bxa6 Bxa6 55. Rxc7 1/2-1/2

[Event "4NCL 3 North pool C"]
[Site "Wakefield, ENG"]
[Date "2016.03.20"]
[Round "8.85"]
[White "Wallace, Paul"]
[Black "Berry, Neil"]
[Result "1/2-1/2"]
[WhiteElo "2243"]
[BlackElo "2358"]
[PlyCount "61"]
[EventDate "2016.03.20"]
[WhiteTeam "Cheddleton 2"]
[BlackTeam "Alba"]

1. e4 e5 2. Nf3 Nc6 3. Bb5 a6 4. Ba4 Nf6 5. O-O Be7 6. Re1 b5 7. Bb3 d6 8. c3
O-O 9. a4 Bd7 10. d4 h6 11. Nbd2 Re8 12. d5 Na5 13. Bc2 c6 14. b4 Nb7 15. dxc6
Bxc6 16. Nf1 Bf8 17. Ng3 Qc7 18. Qd3 Bd7 19. Bb3 bxa4 20. Bxa4 Bxa4 21. Rxa4 a5
22. Bd2 axb4 23. Rxa8 Rxa8 24. cxb4 Nd8 25. Qb3 Ne6 26. h3 Qb7 27. Nh2 Nd4 28.
Qc4 d5 29. exd5 Qxd5 30. Qxd5 Nxd5 31. Rxe5 1/2-1/2

[Event "4NCL 3 North pool C"]
[Site "Wakefield, ENG"]
[Date "2016.03.20"]
[Round "8.86"]
[White "Findlay David John"]
[Black "Richardson, Alex"]
[Result "1-0"]
[WhiteElo "2152"]
[BlackElo "2128"]
[PlyCount "57"]
[EventDate "2016.03.20"]
[WhiteTeam "Alba"]
[BlackTeam "Cheddleton 2"]

1. e4 e6 2. d4 d5 3. e5 c5 4. Nf3 Nc6 5. Bd3 cxd4 6. O-O Bd7 7. Re1 Rc8 8. a3
Be7 9. b4 Qb6 10. Bb2 Nh6 11. Nbd2 O-O 12. Nb3 Nf5 13. Nbxd4 Ncxd4 14. Nxd4 a5
15. Rb1 axb4 16. axb4 Bxb4 17. Nxf5 Bxe1 18. Bd4 Qd8 19. Nxg7 Qg5 20. Nh5 Kh8
21. Nf6 Bxf2+ 22. Bxf2 Bc6 23. Nxh7 Qxe5 24. Rb4 f6 25. Bd4 Qd6 26. Qh5 Be8 27.
Qh6 Kg8 28. Nxf6+ Rxf6 29. Bh7+ 1-0

[Event "4NCL 3 North pool C"]
[Site "Wakefield, ENG"]
[Date "2016.03.20"]
[Round "8.87"]
[White "Edwards, Simon R"]
[Black "Minnican, Alan"]
[Result "1/2-1/2"]
[WhiteElo "2020"]
[BlackElo "2133"]
[PlyCount "41"]
[EventDate "2016.03.20"]
[WhiteTeam "Cheddleton 2"]
[BlackTeam "Alba"]

1. e4 g6 2. Nf3 Bg7 3. Bc4 c6 4. e5 d5 5. exd6 exd6 6. d4 d5 7. Bd3 Nf6 8. O-O
O-O 9. Bg5 Qb6 10. Qc1 Bg4 11. Bxf6 Bxf6 12. Qf4 Bxf3 13. Qxf6 Bg4 14. b3 Nd7
15. Qf4 Be6 16. h4 Qd8 17. h5 Qf6 18. Qxf6 Nxf6 19. hxg6 hxg6 20. Re1 Rfe8 21.
Nd2 1/2-1/2

[Event "4NCL 3 North pool C"]
[Site "Wakefield, ENG"]
[Date "2016.03.20"]
[Round "8.88"]
[White "Grassie, Duncan"]
[Black "Davison, Colin F S"]
[Result "1/2-1/2"]
[WhiteElo "2095"]
[BlackElo "1976"]
[PlyCount "46"]
[EventDate "2016.03.20"]
[WhiteTeam "Alba"]
[BlackTeam "Cheddleton 2"]

1. d4 f5 2. Bg5 Nf6 3. Bxf6 exf6 4. e3 d5 5. c4 Bb4+ 6. Nc3 O-O 7. Qb3 Bxc3+ 8.
bxc3 dxc4 9. Bxc4+ Kh8 10. Ne2 Nc6 11. Qc2 Qd6 12. Nf4 Ne7 13. h4 g6 14. Qe2
Kg7 15. Rb1 b6 16. Qf3 Bd7 17. O-O Rad8 18. Rfe1 Rfe8 19. Qg3 Bc8 20. Re2 c6
21. Rbe1 Nd5 22. Bxd5 cxd5 23. a4 Ba6 1/2-1/2

[Event "4NCL 3 North pool C"]
[Site "Wakefield, ENG"]
[Date "2016.03.20"]
[Round "8.89"]
[White "Boswell, Jacob Connor"]
[Black "Bamber, Elaine"]
[Result "1-0"]
[WhiteElo "1840"]
[BlackElo "2081"]
[PlyCount "57"]
[EventDate "2016.03.20"]
[WhiteTeam "Cheddleton 2"]
[BlackTeam "Alba"]

1. e4 d5 2. exd5 Qxd5 3. d4 e5 4. Be3 Nc6 5. c4 Bb4+ 6. Nd2 Qe4 7. d5 Bg4 8.
Ne2 Bxd2+ 9. Qxd2 O-O-O 10. f3 Bxf3 11. gxf3 Qxf3 12. O-O-O f5 13. Rg1 Nf6 14.
Bg2 Qg4 15. b3 f4 16. Bxf4 exf4 17. Nxf4 Kb8 18. Ne6 Rd7 19. Nc5 Nd8 20. Nxd7+
Qxd7 21. d6 Nf7 22. dxc7+ Qxc7 23. Rge1 a6 24. Qb4 Rd8 25. Re7 Qf4+ 26. Rd2
Qxd2+ 27. Qxd2 Rxd2 28. Rxb7+ Kc8 29. Kxd2 1-0